zpět

Detail výsledku týmu

Pekelná Husa, Klatovy

Datum a čas kvízu

18 Celkem bodů Celkový počet nahraných bodů na tomto kvízu bez doplňovacích otázek.
7. Pořadí na kvízu Konečné umístění týmu na tomto kvízu.

Zaznamenané odpovědi

# Otázka Odpověď Body Výsledky
1. V pondělí proběhlo soudní přel... Pražský výběr 1
2. V jednom hlavním městě na jihu... v Albánii 1
3. 38letá americká herečka a zpěv... Lady Gaga, Joker 0
4. Klienti jedné logistické spole... Zásilkovna 0
5. Čtyřčlenné mužstvo z Olomouce... C) kopání hrobů 0
6. Nejznámější českou zpravodajsk... Naslouchej, dívej se, mlč. 0
7. U BIS ještě zůstaneme. Jak se... Michal Koudelka 0
8. Tajné služby USA, Spojeného kr... Five Eyes 0
9. Zpravodajské služby nebo tajná... Čeka 0
10. V roce 2005 byl natočen film M... Steven Spielberg 0